Geography Generator Puzzle (12 letters) - Statistics

General Stats
  • This quiz has been taken 532 times
  • The average score is 7 of 21
Answer Stats
Hint Answer % Correct
Herbal drink tea
78%
CA has Barbara & Monica Santa
73%
Great Plains crop wheat
58%
Nut; Vietnam is the largest exporter cashew
49%
West in German west
47%
Asian capital nearest to Mecca Sana'a
45%
British county #1 (full name) Kent
44%
Αθήνα Athens
40%
The same drink, in French thé
38%
Benedictine monks sing this chant
36%
Fun watch not named after the Swiss swatch
34%
Currency unit cent
33%
London's ____ Gardens Kew
31%
90 degree bearing east
30%
SASKATCHEWAN
27%
Brahmin, warrior, etc caste
26%
Asian capital that means The Capital Astana
18%
Macbeth's ruling rank over Cawdor thane
16%
British county #2 (usual abbrev) Hants
7%
Rummy card game from Uruguay canasta
6%
Sicilian dessert cassata
4%
No matching quizzes found
Score Distribution
Percent of People with Each Score
Percentile by Number Answered
Your Score History
You have not taken this quiz